| 000 | 00791cab a2200265 4500 | ||
|---|---|---|---|
| 001 | WB2911-14 | ||
| 008 | 090401t1993 xxu||||| |||| 00| 0 eng d | ||
| 035 | _a(Sirsi) u72297 | ||
| 041 | _aeng | ||
| 245 | _aTrinity College Cambridge | ||
| 260 | _c1993 | ||
| 350 | _a0 | ||
| 490 |
_aFinancial Times _v19 March 1993, 9(1) |
||
| 520 | _aA profile of the College`s £207m portfolio and how it is being managed profitably in the recession. | ||
| 650 | _aASHFORD | ||
| 650 | _aCAMBRIDGE COLLEGES | ||
| 650 | _aCAMBRIDGE SCIENCE PARK | ||
| 650 | _aEUREKA SCIENCE PARK | ||
| 650 | _aFELIXSTOWE DOCKS | ||
| 650 | _aPORTFOLIOS | ||
| 650 | _aTRINITY COLLEGE | ||
| 690 | _aPROPERTY-COMMERCIAL PROPERTY-COMMERCIAL PROPERTY FINANCE AND INVESTMENT | ||
| 942 | _n0 | ||
| 948 | _c04/03/1997 | ||
| 999 |
_c45663 _d45663 |
||